|
|
|
|
| LEADER |
01294nam a22003137a 4500 |
| 001 |
35503 |
| 003 |
BD-DhAAL |
| 005 |
20211129143740.0 |
| 008 |
190917t2005 nyua|||| b||| 001 0 eng d |
| 999 |
|
|
|c 41288
|d 41288
|
| 020 |
|
|
|a 9780335213818
|
| 020 |
|
|
|a 0335213812
|
| 020 |
|
|
|a 0335213820 (hbk.)
|
| 040 |
|
|
|a BD-DhAAL
|
| 082 |
|
|
|a 510.71241
|2 22
|
| 245 |
|
|
|a Teaching secondary mathematics with ICT /
|c edited by Sue Johnston-Wilder and David Pimm.
|
| 260 |
|
|
|a Maidenhead :
|b Open University Press,
|c 2005.
|
| 300 |
|
|
|a xv, 255 pages :
|b illustrations ;
|c 23 cm.
|
| 490 |
|
|
|a Learning & teaching with information & communications technology
|
| 504 |
|
|
|a Includes bibliographical references and index.
|
| 526 |
|
|
|a BIED
|
| 541 |
|
|
|a Complimentary copy from BIED
|e 35503
|
| 650 |
|
|
|a Mathematics
|x Study and teaching (Secondary)
|z Great Britain
|9 34783
|
| 650 |
|
|
|a Mathematics
|x Computer-assisted instruction
|9 34784
|
| 700 |
|
|
|a Johnston-Wilder, Sue
|9 34785
|
| 700 |
|
|
|a Pimm, David
|9 34786
|
| 852 |
|
|
|a Ayesha Abed Library
|c BIED Collection
|
| 942 |
|
|
|2 ddc
|c BK
|
| 952 |
|
|
|0 0
|1 0
|2 ddc
|4 0
|6 510_712410000000000_TEA
|7 0
|9 66352
|a BRACUL
|b BRACUL
|c GEN
|d 2019-09-17
|e Complimentary copy from BIED
|l 0
|o 510.71241 TEA
|p 3010035503
|r 2019-09-17
|t 1
|w 2019-09-17
|y BK
|x Transferred from BIED to General Stacks
|